00934nam a2200169 a 4500008004100000050001700041100001800058245020100076260006000277300002600337490005200363500001700415650005600432995014400488999001700632952011500649121204s1997 ||||||||||||||||| || u aPAPERS/STAFF aSiziya, Seter10aMalaria in Zimbabwe: comparisons of IFAT levels, parasite and spleen rates among high, medium and lower altitude areas and between dry and rainy seasonscby Seter Siziya, Tee Watts and P. R. Mason aLusaka:bUniversity of Zambia, School of Medicinec1997 ap. 251 - p. 254: ill. aCentral African Journal of Medicine.Vol.43,No.9 aBibliography aMALARIA IN CHILDREN--COMPARATIVE ANALYSIS--ZIMBABWE aSPECIAL COLLECTIONSe306FCBU-SCHOOL OF MEDICINE LIBRARY (Ndola)jPAPERS/STAFF/SIZIYAM1UAVAILABLEWDec 4, 2012yB306ZZambiana Collection c31945d31945 00102lcc4070a002b002cZambiana Collectiond2022-11-30l0oPAPERS/STAFFpB306r2022-11-30w2022-11-30y002